Advanced accounting (practical approach)/ (Record no. 13392)

MARC details
000 -LEADER
fixed length control field 00615nam a22002057a 4500
001 - CONTROL NUMBER
control field 13392
005 - DATE AND TIME OF LATEST TRANSACTION
control field 20251021114858.0
008 - FIXED-LENGTH DATA ELEMENTS--GENERAL INFORMATION
fixed length control field 251021b xxu||||| |||| 00| 0 eng d
040 ## - CATALOGING SOURCE
Original cataloging agency BSULIB
082 ## - DEWEY DECIMAL CLASSIFICATION NUMBER
Edition number 22
Classification number 657
Item number NKU
100 ## - MAIN ENTRY--PERSONAL NAME
Personal name Nkundabanyanga K. Stephen
9 (RLIN) 2920
245 ## - TITLE STATEMENT
Title Advanced accounting (practical approach)/
Statement of responsibility, etc Nkundabanyanga K. Stephen
250 ## - EDITION STATEMENT
Edition statement 4th ed.
260 ## - PUBLICATION, DISTRIBUTION, ETC. (IMPRINT)
Place of publication, distribution, etc Kampala [Uganda]:
Name of publisher, distributor, etc Makerere University Business School,
Date of publication, distribution, etc 2017.
300 ## - PHYSICAL DESCRIPTION
Extent iv, 591 P.:
Other physical details ill.;
Dimensions 26cm.
500 ## - GENERAL NOTE
General note Includes bibliographical references
650 ## - SUBJECT ADDED ENTRY--TOPICAL TERM
Source of heading or term Accounting
658 ## - INDEX TERM--CURRICULUM OBJECTIVE
Main curriculum objective Accounting
942 ## - ADDED ENTRY ELEMENTS (KOHA)
Source of classification or shelving scheme Dewey Decimal Classification
Item type Books
Holdings
Withdrawn status Lost status Source of classification or shelving scheme Damaged status Not for loan Home library Current library Shelving location Date acquired Source of acquisition Inventory number Total Checkouts Full call number Barcode Date last seen Copy number Cost, replacement price Price effective from Koha item type Public note
    Dewey Decimal Classification     Main Library Main Library Reserve Book Section 21/10/2025 Purchased 35566   657 NKU bsu25100336 21/10/2025 001 20.00 21/10/2025 Books Material available in hard copy
    Dewey Decimal Classification     Main Library Main Library Reserve Book Section 21/10/2025 Purchased 35567   657 NKU bsu25100335 21/10/2025 002 20.00 21/10/2025 Books Material available in hard copy
    Dewey Decimal Classification     Main Library Main Library   21/10/2025       657 NKU   21/10/2025     21/10/2025 Books  

© 2017 Bishop Stuart University Library. All Rights Reserved.
Kakoba Campus, Plot 150 Buremba Road | P.O. Box 9, Mbarara, UGANDA | Tel: +256-772-463068
Email: library@bsu.ac.ug